[Event "Championnat de France 2006 - Open B"]
[Site "BESANCON"]
[Date "2006.08.17"]
[Round "3.3"]
[White "Baudon, Sebastien"]
[Black "Varnier, Stephane"]
[Result "1-0"]
[WhiteElo "1984"]
[BlackElo "1872"]
[PlyCount "73"]
[EventDate "2006.??.??"]

1. Nf3 Nf6 2. b3 e6 3. Bb2 d5 4. e3 c5 5. Ne5 Nbd7 6. f4 Nxe5 7. fxe5 Ne4 8.
Qf3 Bd7 9. Be2 Bc6 10. O-O Qc7 11. d3 Ng5 12. Qf4 h6 13. h4 Nh7 14. Nd2 g6 15.
Nf3 Bg7 16. d4 O-O-O 17. Ba3 f5 18. Bxc5 g5 19. Qg3 gxh4 20. Qxh4 Ng5 21. Nd2
Bf8 22. Bxf8 Rdxf8 23. b4 Rfg8 24. b5 Bxb5 25. Bd3 Qc3 26. Nb3 Bxd3 27. cxd3
Qxd3 28. Qe1 Qe4 29. Qe2 Qh4 30. Rfc1+ Kb8 31. Nc5 Ne4 32. Qc2 Qe7 33. Na6+ Ka8
34. Rab1 Re8 35. Nc7+ Kb8 36. Rxb7+ Kxb7 37. Qc6+ 1-0

[Event "Championnat de France 2006 - Open B"]
[Site "BESANCON"]
[Date "2006.08.17"]
[Round "3.4"]
[White "Chebance, Benoit"]
[Black "Geronimi, Pierre-Francois"]
[Result "0-1"]
[WhiteElo "1980"]
[BlackElo "1870"]
[PlyCount "108"]
[EventDate "2006.??.??"]

1. e4 c5 2. d4 cxd4 3. c3 dxc3 4. Nxc3 Nc6 5. Nf3 d6 6. Bc4 a6 7. O-O Nf6 8. a4
Bg4 9. Qb3 e6 10. a5 Rb8 11. Qa4 Qd7 12. Nd2 Be7 13. f4 d5 14. exd5 exd5 15.
Bd3 Nb4 16. Qxd7+ Bxd7 17. Bb1 O-O 18. Nf3 Bc5+ 19. Kh1 d4 20. Na4 Bxa4 21.
Rxa4 Nfd5 22. Bd2 b5 23. axb6 Rxb6 24. Rc1 Bd6 25. Nxd4 Bxf4 26. Bxf4 Nxf4 27.
h3 Nbd3 28. Bxd3 Nxd3 29. Rca1 Rxb2 30. Rxa6 Nf4 31. R6a2 Rxa2 32. Rxa2 g6 33.
Rf2 Ne6 34. Nf3 Kg7 35. Kh2 f6 36. Rb2 g5 37. Kg3 h5 38. Kh2 Ra8 39. Rb7+ Kg6
40. Rb2 Ra5 41. Rc2 h4 42. Rb2 Nf4 43. Rc2 Nd5 44. Re2 Ra1 45. Nd4 Rd1 46. Nc2
Kf5 47. Ne3+ Nxe3 48. Rxe3 Rf1 49. g4+ Kf4 50. Re2 Kf3 51. Re6 Rf2+ 52. Kg1 Kg3
53. Re3+ Rf3 54. Re2 Kxh3 0-1

[Event "Championnat de France 2006 - Open B"]
[Site "BESANCON"]
[Date "2006.08.17"]
[Round "3.5"]
[White "Tardif, Olivier"]
[Black "Grandadam, Nicolas"]
[Result "1-0"]
[WhiteElo "1979"]
[BlackElo "1860"]
[PlyCount "97"]
[EventDate "2006.??.??"]

1. e4 c5 2. c4 Nc6 3. f4 g6 4. Nf3 Bg7 5. Nc3 d6 6. d3 e6 7. Be3 Nge7 8. d4
cxd4 9. Nxd4 a6 10. Qd2 d5 11. Nxc6 bxc6 12. Rd1 Qa5 13. cxd5 cxd5 14. exd5
Bxc3 15. bxc3 Nxd5 16. Bd4 f6 17. Be2 Kf7 18. O-O Rd8 19. Qb2 Bd7 20. c4 Rab8
21. Qa1 Nb4 22. Bxf6 Qb6+ 23. Kh1 Bc6 24. Bxd8 Rxd8 25. Rxd8 Qxd8 26. Rd1 Qa8
27. Rg1 h5 28. Qc3 a5 29. a3 Na6 30. Bf3 Bxf3 31. Qxf3 Qc8 32. Qc3 Qc7 33. Qd4
Nc5 34. Rd1 h4 35. h3 a4 36. Qe5 Qb6 37. Qd6 Qa7 38. Qc6 Kf6 39. Rd8 Qe7 40.
Rc8 Nd3 41. Re8 Qf7 42. Qc8 Nf2+ 43. Kg1 Nxh3+ 44. gxh3 Qa7+ 45. Kg2 Qb7+ 46.
Qxb7 g5 47. Rf8+ Kg6 48. Qf7+ Kh6 49. Rh8# 1-0

[Event "Championnat de France 2006 - Open C"]
[Site "BESANCON"]
[Date "2006.08.17"]
[Round "3.1"]
[White "Waligova, Denis"]
[Black "De Castet, Antoine"]
[Result "0-1"]
[WhiteElo "1700"]
[BlackElo "1570"]
[PlyCount "74"]
[EventDate "2006.??.??"]

1. d4 d5 2. Nf3 Nf6 3. c4 c6 4. e3 e6 5. Nc3 Bb4 6. Bd3 dxc4 7. Bxc4 Ne4 8. Qc2
Qa5 9. Bd2 Nxd2 10. Nxd2 Nd7 11. O-O Nf6 12. Nf3 O-O 13. a3 Bd6 14. Rad1 b5 15.
Be2 Bb7 16. e4 Be7 17. e5 Nd7 18. Ne4 h6 19. Nfd2 Rac8 20. Qd3 Rfd8 21. Qg3 Qb6
22. Nf3 c5 23. dxc5 Nxc5 24. Nxc5 Bxc5 25. b4 Be7 26. Rfe1 Rc3 27. Rxd8+ Bxd8
28. Qf4 Rxa3 29. Qd2 Bd5 30. Rd1 Ra2 31. Qe1 Qc7 32. Rc1 {#} 32... Rxe2 33. Qd1
Bc4 34. Nd4 Rxe5 35. h3 Qb6 36. Qd2 Rd5 37. Rd1 Bf6 0-1

[Event "Championnat de France 2006 - Open C"]
[Site "BESANCON"]
[Date "2006.08.17"]
[Round "3.2"]
[White "Roussey, Quentin"]
[Black "Perradin, Vincent"]
[Result "0-1"]
[WhiteElo "1570"]
[BlackElo "1690"]
[PlyCount "34"]
[EventDate "2006.??.??"]

1. e4 e5 2. Nf3 Nc6 3. c3 Nf6 4. Bb5 Nxe4 5. Qe2 Nf6 6. Nxe5 Be7 7. d4 O-O 8.
O-O Re8 9. Bg5 a6 10. Nxc6 dxc6 11. Bc4 Qd6 12. Nd2 Bf5 13. Bd3 Ng4 14. Bf4
Qxf4 15. g3 Qh6 16. f4 Bxd3 17. Qxd3 Qxh2# 0-1

[Event "Championnat de France 2006 - Open C"]
[Site "BESANCON"]
[Date "2006.08.17"]
[Round "3.3"]
[White "Vernay, Gaspard"]
[Black "Thelen, Sylvain"]
[Result "0-1"]
[WhiteElo "1690"]
[BlackElo "1570"]
[PlyCount "52"]
[EventDate "2006.??.??"]

1. d4 d5 2. c4 e6 3. cxd5 exd5 4. Nc3 Nf6 5. Bg5 Be7 6. e3 a6 7. a3 Bf5 8. Qb3
Nbd7 9. Nxd5 Nxd5 10. Bxe7 Nxe7 11. Bc4 O-O 12. Nf3 Nb6 13. Be2 Qd5 14. Qb4 Nc6
15. Qc3 Qe4 16. O-O Qc2 17. Qe1 Qxb2 18. Ng5 h6 19. Nf3 Rfe8 20. Nh4 Bh7 21. f3
Rxe3 22. Qf2 Rxe2 23. Qg3 Qxd4+ 24. Kh1 Qd5 25. f4 Rae8 26. Nf5 Bxf5 0-1

[Event "Championnat de France 2006 - Open C"]
[Site "BESANCON"]
[Date "2006.08.17"]
[Round "3.5"]
[White "Louison, Lewis"]
[Black "Laudat, Philippe"]
[Result "1-0"]
[WhiteElo "1660"]
[BlackElo "1550"]
[PlyCount "105"]
[EventDate "2006.??.??"]

1. e4 e5 2. Nf3 d6 3. Bc4 h6 4. Nc3 Nc6 5. b3 Nf6 6. Bb2 Bg4 7. h3 Bxf3 8. Qxf3
Nd4 9. Qd3 a6 10. Nd5 b5 11. Nxf6+ Qxf6 12. Bd5 c6 13. Bxd4 cxd5 14. Bb2 d4 15.
c3 dxc3 16. dxc3 Be7 17. c4 Rb8 18. cxb5 axb5 19. O-O O-O 20. f4 Qe6 21. fxe5
dxe5 22. Rf5 Bf6 23. Qg3 Rfe8 24. Rd1 Qc6 25. Rd5 Re6 26. Bxe5 Bxe5 27. Rdxe5
Rxe5 28. Rxe5 Qd7 29. Rd5 Qa7+ 30. Kh2 Qb7 31. Rh5 Qb6 {#} 32. Rxh6 g6 33. Qe5
f6 34. Rxg6+ Kf7 35. Qh5 Qd6+ 36. Rg3+ Ke7 37. e5 fxe5 38. Qh7+ Ke6 39. Rg6+
Kd5 40. Qf7+ Kc5 41. b4+ Kc6 42. Rxd6+ Kxd6 43. h4 Rc8 44. h5 Rc4 45. Qf6+ Kd5
46. h6 e4 47. h7 e3 48. h8=Q e2 49. Qhd8+ Ke4 50. Qde7+ Kd3 51. Qfd6+ Rd4 52.
Qxe2+ Kc3 53. Qe3+ 1-0

[Event "Championnat de France 2006 - Vétérans"]
[Site "BESANCON"]
[Date "2006.08.17"]
[Round "3.1"]
[White "Goldenberg, Richard"]
[Black "Oger, Claude"]
[Result "1/2-1/2"]
[WhiteElo "2329"]
[BlackElo "1962"]
[PlyCount "41"]
[EventDate "2006.??.??"]

1. Nf3 Nf6 2. c4 c5 3. Nc3 Nc6 4. e3 e6 5. d4 cxd4 6. exd4 d5 7. a3 dxc4 8.
Bxc4 Be7 9. O-O O-O 10. Re1 Nd5 11. Bxd5 exd5 12. Qb3 Be6 13. Bf4 Qd7 14. Ne5
Nxe5 15. Bxe5 Rac8 16. Rad1 Rc4 17. Rd3 Rfc8 18. Qd1 Bxa3 19. Nxd5 Qxd5 20.
bxa3 f6 21. Bg3 1/2-1/2

[Event "Championnat de France 2006 - Vétérans"]
[Site "BESANCON"]
[Date "2006.08.17"]
[Round "3.2"]
[White "Laval, Hubert"]
[Black "Meinsohn, Francis"]
[Result "0-1"]
[WhiteElo "1917"]
[BlackElo "2250"]
[PlyCount "48"]
[EventDate "2006.??.??"]

1. d4 d5 2. e4 dxe4 3. Nc3 Nf6 4. f3 Bf5 5. g4 Bc8 6. Nxe4 Nxe4 7. fxe4 e5 8.
Be3 Qh4+ 9. Bf2 Qxg4 10. Qxg4 Bxg4 11. Be2 Bxe2 12. Nxe2 exd4 13. Nxd4 Nd7 14.
Nb5 Bb4+ 15. c3 Ba5 16. Bg3 O-O 17. O-O-O Nf6 18. Bxc7 a6 19. Bxa5 axb5 20. Bb4
Rfe8 21. Rhe1 Rxa2 22. Kc2 Ra6 23. e5 Rae6 24. Rd5 Nxd5 0-1

[Event "Championnat de France 2006 - Vétérans"]
[Site "BESANCON"]
[Date "2006.08.17"]
[Round "3.3"]
[White "Birens, Eric-Andre"]
[Black "Violeau, Jean-Luc"]
[Result "1-0"]
[WhiteElo "2037"]
[BlackElo "1910"]
[PlyCount "56"]
[EventDate "2006.??.??"]

1. d4 Nf6 2. c4 g6 3. Nc3 d5 4. cxd5 Nxd5 5. e4 Nxc3 6. bxc3 Bg7 7. Nf3 c5 8.
Rb1 O-O 9. Be2 cxd4 10. cxd4 Qa5+ 11. Bd2 Qxa2 12. O-O Qe6 13. Qc2 Qc6 14. Bc4
Qd6 15. d5 b6 16. Bb4 Qd8 17. d6 Nc6 18. Bxf7+ Rxf7 19. Qxc6 Bd7 20. Qd5 e6 21.
Qd2 a5 22. Bc3 Bxc3 23. Qxc3 Rc8 24. Qe3 Rc5 25. h4 Rxf3 26. Qxf3 Qxh4 27. Rxb6
Rh5 28. Rb8+ Kg7 1-0

[Event "Championnat de France 2006 - Vétérans"]
[Site "BESANCON"]
[Date "2006.08.17"]
[Round "3.4"]
[White "Jouhaneau, Jacques"]
[Black "Peyrin, Jean"]
[Result "1/2-1/2"]
[WhiteElo "1909"]
[BlackElo "2004"]
[PlyCount "122"]
[EventDate "2006.??.??"]

1. c4 e5 2. Nc3 Nc6 3. Nf3 Nf6 4. g3 Be7 5. Bg2 O-O 6. d3 d5 7. cxd5 Nxd5 8.
O-O Nb6 9. a3 Be6 10. h3 Qd7 11. Kh2 Rad8 12. b4 Nd4 13. Nxd4 exd4 14. Ne4 Bd5
15. Rb1 Rfe8 16. Bb2 f5 17. Nd2 Bxg2 18. Kxg2 Bf6 19. Nf3 c6 20. a4 Nd5 21. Ba1
Re6 22. Nxd4 Bxd4 23. Bxd4 Nf4+ 24. gxf4 Qxd4 25. Qd2 Qd5+ 26. f3 Rde8 27. Rf2
Qd4 28. e4 Rg6+ 29. Kh1 h6 30. Rg1 Rxg1+ 31. Kxg1 Qa1+ 32. Kg2 Qxa4 33. Qa2+
Qxa2 34. Rxa2 a6 35. Kf2 Kf7 36. Ke3 Rd8 37. d4 Kf6 38. h4 g6 39. Ra5 Rd7 40.
h5 fxe4 41. fxe4 Rg7 42. hxg6 Rxg6 43. d5 cxd5 44. Rxd5 Ke7 45. Kf3 Rb6 46. Rd4
h5 47. f5 Rh6 48. e5 h4 49. Rc4 h3 50. Rc1 h2 51. Rh1 Rh4 52. Ke3 b6 53. Kd3 a5
54. bxa5 bxa5 55. f6+ Ke6 56. Kc3 a4 57. Kb2 Rh3 58. Ka2 a3 59. Ka1 Kf7 60. Ka2
Ke6 61. Ka1 Kf7 1/2-1/2

[Event "Championnat de France 2006 - Vétérans"]
[Site "BESANCON"]
[Date "2006.08.17"]
[Round "3.5"]
[White "Patrat, Joel"]
[Black "Schrader, Edmond"]
[Result "1-0"]
[WhiteElo "2003"]
[BlackElo "1839"]
[PlyCount "93"]
[EventDate "2006.??.??"]

1. c4 Nf6 2. Nc3 d5 3. e3 g6 4. d4 Bg7 5. Nf3 O-O 6. Qb3 e6 7. Bd3 b6 8. Bd2
Bb7 9. c5 Nc6 10. Rc1 Na5 11. Qc2 bxc5 12. dxc5 Nc6 13. a3 e5 14. Bb5 d4 15.
Na4 d3 16. Bxd3 Qe7 17. e4 Rad8 18. O-O Rd7 19. Be3 Rfd8 20. Bc4 Nd4 21. Bxd4
Bxe4 22. Qe2 Bxf3 23. Qxe5 Qxe5 24. Bxe5 Bc6 25. Nc3 Nh5 26. Bxg7 Nxg7 27. b4
Rd2 28. b5 Be8 29. Ne4 R2d4 30. Nf6+ Kh8 31. Nxe8 Rxe8 32. Bxf7 Re7 33. Rfd1
Rde4 34. Rd8+ Ne8 35. Rxe8+ Rxe8 36. Bxe8 Rxe8 37. Kf1 Re5 38. Rc4 Kg7 39. a4
Kf6 40. c6 h5 41. Rd4 Re7 42. f3 g5 43. h4 gxh4 44. Rxh4 Kg6 45. Kf2 Re5 46.
Rd4 Re7 47. Rd7 1-0

[Event "Championnat de France 2006 - Accession"]
[Site "BESANCON"]
[Date "2006.08.18"]
[Round "4.1"]
[White "Shoker, Samy"]
[Black "Benitah, Yohan"]
[Result "1/2-1/2"]
[WhiteElo "2355"]
[BlackElo "2406"]
[PlyCount "23"]
[EventDate "2006.??.??"]

1. g3 d5 2. Bg2 c6 3. Nf3 Bg4 4. O-O Nd7 5. d3 Ngf6 6. Qe1 e5 7. e4 dxe4 8.
dxe4 Bc5 9. Nbd2 O-O 10. h3 Bh5 11. a4 Re8 12. Nc4 1/2-1/2

[Event "Championnat de France 2006 - Accession"]
[Site "BESANCON"]
[Date "2006.08.18"]
[Round "4.2"]
[White "Edouard, Romain"]
[Black "Naudier, Serge"]
[Result "1-0"]
[WhiteElo "2404"]
[BlackElo "2277"]
[PlyCount "81"]
[EventDate "2006.??.??"]

1. e4 e5 2. Nf3 Nc6 3. d4 exd4 4. Nxd4 Nf6 5. Nxc6 bxc6 6. e5 Ne4 7. Qf3 Qh4 8.
g3 Ng5 9. Qe2 Qd4 10. Bg2 Be7 11. O-O O-O 12. Rd1 Qb6 13. b3 f6 14. Be3 Bc5 15.
Qc4+ Ne6 16. Bxc5 Qxc5 17. Qxc5 Nxc5 18. exf6 Rxf6 19. Nc3 Rb8 20. Re1 a5 21.
Re5 d5 22. Re8+ Rf8 23. Re7 Ne6 24. Nxd5 cxd5 25. Bxd5 Rf6 26. Rxc7 Kf8 27. Ra7
Nd4 28. c4 Ba6 29. Re1 Re8 30. Rxe8+ Kxe8 31. Rxg7 Ne2+ 32. Kg2 Nc3 33. Rxh7
Nxa2 34. g4 Nc3 35. g5 Rb6 36. c5 Rb5 37. Bf7+ Kf8 38. g6 Bb7+ 39. f3 Nd5 40.
Kg3 Rxb3 41. Be6 1-0

[Event "Championnat de France 2006 - Accession"]
[Site "BESANCON"]
[Date "2006.08.18"]
[Round "4.3"]
[White "Letreguilly, Olivier"]
[Black "Bijaoui, Manuel"]
[Result "1/2-1/2"]
[WhiteElo "2313"]
[BlackElo "2363"]
[PlyCount "106"]
[EventDate "2006.??.??"]

1. Nf3 Nf6 2. c4 g6 3. Nc3 Bg7 4. g3 O-O 5. Bg2 d6 6. O-O Nc6 7. d4 e5 8. h3 h6
9. e4 exd4 10. Nxd4 Nxd4 11. Qxd4 Be6 12. Qd3 Nd7 13. Nd5 Ne5 14. Qc2 f5 15. f4
Nc6 16. Be3 Qd7 17. Rad1 fxe4 18. g4 h5 19. Qxe4 Rac8 20. Qxg6 hxg4 21. Be4 Rf7
22. f5 Bxd5 23. Bxd5 Ne5 24. Bxf7+ Qxf7 25. Qxf7+ Kxf7 26. hxg4 Nxg4 27. Bd4
Bh6 28. Rde1 Rg8 29. Kh1 c5 30. Bc3 Be3 31. Re2 Rg5 32. a4 b6 33. b3 a6 34. Ra1
Nf2+ 35. Rxf2 Bxf2 36. Rf1 Bg3 37. Rg1 Rh5+ 38. Kg2 Be5 39. Bxe5 dxe5 40. Rd1
Rxf5 41. Rd7+ Kg6 42. a5 bxa5 43. Rd6+ Rf6 44. Rd5 Kf5 45. Rxc5 Ke4 46. Rxa5
Kd4 47. Rd5+ Kc3 48. c5 a5 49. c6 Kb4 50. Rxe5 Rxc6 51. Kf2 Rc3 52. Ke2 Rxb3
53. Kd2 Rh3 1/2-1/2

[Event "Championnat de France 2006 - Accession"]
[Site "BESANCON"]
[Date "2006.08.18"]
[Round "4.4"]
[White "Van Elst, Andreas"]
[Black "Chomet, Pascal"]
[Result "0-1"]
[WhiteElo "2258"]
[BlackElo "2350"]
[PlyCount "76"]
[EventDate "2006.??.??"]

1. d4 d6 2. Nf3 g6 3. c4 Bg7 4. e4 e5 5. Nc3 Nc6 6. Bg5 Qd7 7. dxe5 Nxe5 8.
Nxe5 Bxe5 9. Be2 f6 10. Be3 Ne7 11. Qd2 f5 12. h4 h5 13. Bg5 O-O 14. exf5 Nxf5
15. O-O-O Qf7 16. f4 Bg7 17. Bf3 c6 18. b3 a5 19. Rhe1 a4 20. Nxa4 Be6 21. Be4
Bxc4 22. Bxf5 Qxf5 23. Qxd6 Rxa4 24. bxa4 Bxa2 25. Kd2 Bb3 26. Rc1 Bd5 27. Re2
Ra8 28. Qb4 Bxg2 29. Qxb7 Qa5+ 30. Ke3 Re8+ 31. Be7 Qd5 32. Kf2 Qf3+ 33. Ke1
Bc3+ 34. Rxc3 Qxc3+ 35. Kf2 Qf3+ 36. Ke1 Qf1+ 37. Kd2 Qxf4+ 38. Ke1 Rb8 0-1

[Event "Championnat de France 2006 - Accession"]
[Site "BESANCON"]
[Date "2006.08.18"]
[Round "4.5"]
[White "Feller, Sebastien"]
[Black "Sanchez, Nicolas"]
[Result "1-0"]
[WhiteElo "2345"]
[BlackElo "2188"]
[PlyCount "97"]
[EventDate "2006.??.??"]

1. d4 Nf6 2. c4 g6 3. Nc3 Bg7 4. e4 d6 5. Nf3 O-O 6. Be2 Na6 7. O-O e5 8. Be3
Ng4 9. Bg5 Qe8 10. dxe5 dxe5 11. h3 f6 12. Bd2 Nh6 13. c5 Nxc5 14. Qc1 Nf7 15.
Nd5 Ne6 16. Nxc7 Nxc7 17. Qxc7 Nd8 18. Rfd1 Be6 19. Be3 Rf7 20. Qa5 Bf8 21. Bb5
Bd7 22. Bc4 Ne6 23. Qd5 Kg7 24. Qxb7 Ba4 25. Qa6 Bxd1 26. Bxe6 Qa4 27. Qxa4
Bxa4 28. Bxf7 Kxf7 29. Rc1 Bd6 30. Nd2 Ke6 31. Nc4 Bb4 32. Bd2 Bc5 33. Nxe5
Bxf2+ 34. Kxf2 fxe5 35. Rc5 Re8 36. Bc3 Kd6 37. Rd5+ Kc6 38. Ra5 Bc2 39. Rxa7
Bxe4 40. Rxh7 Kb5 41. Ra7 Bb1 42. Ra5+ Kc4 43. Bxe5 Bxa2 44. Rxa2 Rxe5 45. Ra6
g5 46. Kg3 Kd3 47. Kg4 Rb5 48. Rg6 Rxb2 49. g3 1-0

[Event "Championnat de France 2006 - Accession"]
[Site "BESANCON"]
[Date "2006.08.18"]
[Round "4.6"]
[White "Therkildsen, Thomas"]
[Black "Chernuschevich, Alexei"]
[Result "0-1"]
[WhiteElo "2285"]
[BlackElo "2524"]
[PlyCount "69"]
[EventDate "2006.??.??"]

1. e4 c5 2. c3 e6 3. d4 d5 4. exd5 exd5 5. Nf3 Nc6 6. Bb5 Bd6 7. O-O Nge7 8.
dxc5 Bxc5 9. Nbd2 O-O 10. Nb3 Bb6 11. Nfd4 Qd6 12. Re1 Ng6 13. Be3 Nce5 14. Nd2
Ng4 15. Nf1 f5 16. Nc2 Bc7 17. Nb4 Nxe3 18. Rxe3 Bb6 19. Re2 Nf4 20. Rd2 Be6
21. Qf3 d4 22. Nd3 Ng6 23. cxd4 Bd5 24. Qh3 Be4 25. Bc4+ Kh8 26. Rad1 Qxd4 27.
b3 Qf6 28. Ng3 Rad8 29. Ne2 Ba5 30. Rc2 f4 31. f3 Bf5 32. Qh5 b5 33. Bxb5 Qb6+
34. Kf1 Qxb5 35. Rc5 0-1

[Event "Championnat de France 2006 - Accession"]
[Site "BESANCON"]
[Date "2006.08.18"]
[Round "4.7"]
[White "Saada, Julien"]
[Black "Govciyan, Pavel"]
[Result "0-1"]
[WhiteElo "2257"]
[BlackElo "2397"]
[PlyCount "108"]
[EventDate "2006.??.??"]

1. d4 e6 2. Nf3 b6 3. e4 Bb7 4. Bd3 Nf6 5. Nbd2 c5 6. O-O cxd4 7. Nxd4 Nc6 8.
Nxc6 Bxc6 9. b3 Qc7 10. Bb2 Bd6 11. h3 h5 12. Re1 Bh2+ 13. Kf1 Qb7 14. Qe2 Bf4
15. Rad1 Rh6 16. Ba6 Qc7 17. e5 Rg6 18. Nf3 Nd5 19. Bd3 Bh6 20. Bxg6 fxg6 21.
Rd4 Rc8 22. Qd3 Ne7 23. c4 Qb7 24. Ba3 Nf5 25. Rd1 Qa6 26. Bb4 Qb7 27. Nh4 a5
28. Ba3 b5 29. Nxf5 gxf5 30. Qg3 Kf7 31. cxb5 Qxb5+ 32. Kg1 Qe2 33. Qc3 Kg6 34.
Re1 Qxa2 35. Qb2 Qxb2 36. Bxb2 Rb8 37. Bc3 Rxb3 38. Bxa5 f4 39. Bd2 Kf5 40. Rb4
Rd3 41. Bc1 h4 42. Rb8 g5 43. f3 Bg7 44. Bb2 Rd2 45. Ba1 Kg6 46. Bc3 Rc2 47.
Bb4 g4 48. hxg4 h3 49. gxh3 Bxf3 50. Bf8 Bd5 51. Bxg7 f3 52. Rf8 Rg2+ 53. Kh1
Kxg7 54. Rf4 f2 0-1

[Event "Championnat de France 2006 - Accession"]
[Site "BESANCON"]
[Date "2006.08.18"]
[Round "4.8"]
[White "Olivier, Jean-Christophe"]
[Black "Karim, Ismael"]
[Result "1/2-1/2"]
[WhiteElo "2392"]
[BlackElo "2288"]
[PlyCount "102"]
[EventDate "2006.??.??"]

1. e4 e5 2. Nf3 Nc6 3. Bb5 a6 4. Ba4 Nf6 5. Qe2 b5 6. Bb3 Be7 7. c3 O-O 8. d4
d6 9. O-O Bg4 10. Rd1 exd4 11. cxd4 d5 12. e5 Ne4 13. Nc3 Nxc3 14. bxc3 Bf5 15.
Bc2 Qd7 16. Bg5 Ba3 17. Nh4 Bxc2 18. Qxc2 Be7 19. Bxe7 Nxe7 20. f4 f5 21. Nf3
h6 22. Ne1 Nc6 23. Nd3 Nd8 24. Nc5 Qc6 25. a4 Ne6 26. Nxe6 Qxe6 27. axb5 axb5
28. Ra2 Rxa2 29. Qxa2 Qc6 30. Ra1 Qxc3 31. Qxd5+ Kh7 32. Rd1 Qe3+ 33. Kh1 Qxf4
34. Qxb5 Qe4 35. Qd3 Qd5 36. h3 Kh8 37. Re1 c5 38. e6 cxd4 39. Rd1 Qxe6 40.
Qxd4 f4 41. Rf1 f3 42. Kh2 Qc6 43. Qe3 Qd6+ 44. Kg1 Qg3 45. Rxf3 Rxf3 46. Qxf3
Qxf3 47. gxf3 Kh7 48. Kf2 Kg6 49. f4 Kf6 50. Kf3 Kf5 51. Ke3 g5 1/2-1/2

[Event "Championnat de France 2006 - Accession"]
[Site "BESANCON"]
[Date "2006.08.18"]
[Round "4.9"]
[White "Seret, Jean-Luc"]
[Black "Pucher, Olivier"]
[Result "0-1"]
[WhiteElo "2378"]
[BlackElo "2257"]
[PlyCount "102"]
[EventDate "2006.??.??"]

1. Nf3 c5 2. g3 Nc6 3. Bg2 g6 4. O-O Bg7 5. d3 e5 6. c3 Nge7 7. a3 O-O 8. b4 d6
9. Nbd2 cxb4 10. axb4 e4 11. Nxe4 d5 12. Nc5 Nxb4 13. Qb3 Nbc6 14. Bd2 b6 15.
Na4 Be6 16. Qc2 h6 17. Rfb1 Qd7 18. Ra2 Rfe8 19. Nb2 Rac8 20. Qa4 Qd6 21. Rc1
Nf5 22. Bf4 Qd7 23. h4 Nd6 24. Qc2 Nb4 25. cxb4 Rxc2 26. Rxc2 Nb5 27. Nd1 Qe7
28. Bd2 Bg4 29. Ne3 Be6 30. Rc1 d4 31. Nc4 Nc3 32. Bxc3 dxc3 33. b5 Bxc4 34.
dxc4 Qb4 35. Rxa7 Qxc4 36. e3 Qxb5 37. Ne1 Qc5 38. Nd3 Qc4 39. Rd7 Qe6 40. Rd5
Re7 41. Nf4 Qc8 42. Rd6 Qb8 43. Rdd1 Rc7 44. Nd5 Rc5 45. Nb4 Qc8 46. Rc2 Qg4
47. Rd8+ Kh7 48. e4 Rc4 49. Na2 Rd4 50. Rxd4 Bxd4 51. Nxc3 Qc8 0-1

[Event "Championnat de France 2006 - Accession"]
[Site "BESANCON"]
[Date "2006.08.18"]
[Round "4.10"]
[White "Saucey, Michel"]
[Black "Bleunven, Andre"]
[Result "0-1"]
[WhiteElo "2342"]
[BlackElo "2276"]
[PlyCount "84"]
[EventDate "2006.??.??"]

1. d4 Nf6 2. c4 e6 3. Nf3 c5 4. d5 d6 5. Nc3 exd5 6. cxd5 g6 7. g3 Bg7 8. Bg2
O-O 9. O-O a6 10. a4 Nbd7 11. Bf4 Qe7 12. h3 Rb8 13. e4 b5 14. axb5 axb5 15.
Re1 b4 16. e5 bxc3 17. exf6 Qxf6 18. bxc3 Rb6 19. Ra3 h6 20. Nd2 g5 21. Be3 Ne5
22. f4 gxf4 23. Bxf4 Qg6 24. Nf3 Nc4 25. Ra8 Nb2 26. Qd2 Nc4 27. Qa2 Qd3 28.
Nd2 Nxd2 29. Qxd2 Qxc3 30. Bxh6 Qxg3 31. Bxg7 Qxg7 32. Ra2 Rb4 33. Kh2 Bf5 34.
Qf2 Bg6 35. Re3 Rd8 36. Qg3 Qf6 37. Rb3 Qh4 38. Qf3 Rd4 39. Qe2 Kg7 40. Raa3
Rf4 41. Bf3 Rb4 42. Qa2 c4 0-1

[Event "Championnat de France 2006 - Accession"]
[Site "BESANCON"]
[Date "2006.08.18"]
[Round "4.11"]
[White "Riff, Vincent"]
[Black "Crouan, Stephane"]
[Result "1-0"]
[WhiteElo "2328"]
[BlackElo "2253"]
[PlyCount "45"]
[EventDate "2006.??.??"]

1. e4 e5 2. Nf3 Nc6 3. Bb5 Nf6 4. O-O Nxe4 5. d4 Nd6 6. dxe5 Nxb5 7. a4 d6 8.
e6 Bxe6 9. axb5 Ne5 10. Nd4 c5 11. Nxe6 fxe6 12. Re1 Qd7 13. Nc3 Be7 14. f4 Ng6
15. f5 exf5 16. Qd5 Ne5 17. Bf4 Nf7 18. b6 a6 19. Nb5 Qxb5 20. Qxb7 O-O 21.
Rxe7 Qxb2 22. Rae1 Rab8 23. Qxb8 1-0

[Event "Championnat de France 2006 - Accession"]
[Site "BESANCON"]
[Date "2006.08.18"]
[Round "4.12"]
[White "Khairallah, Faisal"]
[Black "David, Vincent"]
[Result "0-1"]
[WhiteElo "2248"]
[BlackElo "2327"]
[PlyCount "58"]
[EventDate "2006.??.??"]

1. c4 e5 2. Nc3 Nf6 3. Nf3 Nc6 4. e4 d6 5. d4 Bg4 6. d5 Nd4 7. Be3 Bxf3 8. gxf3
g6 9. Bh3 Bg7 10. Qa4+ Kf8 11. f4 Nf3+ 12. Ke2 exf4 13. Bxf4 Nh5 14. Be3 Qf6
15. Bg4 Nd4+ 16. Kd2 Nf4 17. Raf1 h5 18. Bd1 Kg8 19. Qd7 Kh7 20. Qxc7 Rhc8 21.
e5 dxe5 22. Qd7 Rd8 23. Qa4 b5 24. Nxb5 Nxb5 25. cxb5 Rxd5+ 26. Kc1 e4 27. Qa3
Nd3+ 28. Kb1 Rxb5 29. Bb3 Ra5 0-1

[Event "Championnat de France 2006 - Accession"]
[Site "BESANCON"]
[Date "2006.08.18"]
[Round "4.13"]
[White "Fargere, Francois"]
[Black "Alanic, Mickael"]
[Result "1/2-1/2"]
[WhiteElo "2311"]
[BlackElo "2246"]
[PlyCount "73"]
[EventDate "2006.??.??"]

1. e4 c6 2. d4 d5 3. Nd2 dxe4 4. Nxe4 Nd7 5. Nf3 Ngf6 6. Ng3 e6 7. Bd3 Bd6 8.
O-O O-O 9. Qe2 Qc7 10. c4 c5 11. b3 e5 12. d5 Re8 13. Nd2 e4 14. Bc2 Bxg3 15.
fxg3 Qe5 16. Rb1 Qc3 17. Bd1 Ne5 18. Bb2 Qd3 19. Qxd3 Nxd3 20. Bxf6 gxf6 21.
Bc2 Nb4 22. Bxe4 Nxa2 23. Rxf6 Nc3 24. Re1 Kg7 25. Rff1 Bg4 26. Bf3 Bf5 27. Rc1
Re3 28. Rfe1 Rd3 29. Nf1 Na2 30. Rcd1 Rxd1 31. Rxd1 Bc2 32. Ra1 Nb4 33. Bd1 a5
34. Ne3 Bd3 35. Kf2 b6 36. Be2 Bg6 37. Bg4 1/2-1/2

[Event "Championnat de France 2006 - Accession"]
[Site "BESANCON"]
[Date "2006.08.18"]
[Round "4.15"]
[White "Robin, Samy"]
[Black "Fougerit, Valentin"]
[Result "1-0"]
[WhiteElo "2289"]
[BlackElo "2188"]
[PlyCount "61"]
[EventDate "2006.??.??"]

1. e4 e5 2. Nf3 d6 3. d4 exd4 4. Nxd4 Nf6 5. Nc3 Be7 6. Be2 O-O 7. O-O Re8 8.
f4 Bf8 9. Bf3 c5 10. Nb3 Nc6 11. Be3 d5 12. exd5 Rxe3 13. dxc6 Qb6 14. cxb7
Bxb7 15. Bxb7 Qxb7 16. Rf3 Qe7 17. Qf1 Rd8 18. Na5 Qe6 19. f5 Rxf3 20. fxe6
Rxf1+ 21. Rxf1 Rd2 22. exf7+ Kxf7 23. Rf2 Rxf2 24. Kxf2 Ng4+ 25. Ke2 Nxh2 26.
Nc6 h5 27. Nxa7 g5 28. a4 h4 29. a5 Ke6 30. a6 Kd7 31. Nab5 1-0

[Event "Championnat de France 2006 - Accession"]
[Site "BESANCON"]
[Date "2006.08.18"]
[Round "4.22"]
[White "Alanic, Xavier"]
[Black "Guyot, Philippe"]
[Result "1-0"]
[WhiteElo "2202"]
[BlackElo "2303"]
[PlyCount "67"]
[EventDate "2006.??.??"]

1. e4 g6 2. c4 Bg7 3. Nc3 e5 4. g3 d6 5. Bg2 Nc6 6. Nge2 h5 7. h3 Be6 8. d3 Nf6
9. Be3 Nh7 10. Qd2 Nd4 11. f4 c6 12. O-O Qd7 13. Kh2 O-O-O 14. Rac1 f5 15. exf5
gxf5 16. Bf2 Rdg8 17. Nxd4 exd4 18. Ne2 h4 19. gxh4 c5 20. Bf3 Nf8 21. b4 Bf6
22. h5 Bf7 23. Ng3 Bh4 24. bxc5 dxc5 25. Rb1 b6 26. Qe2 Rh6 27. Rbe1 Rgh8 28.
Nxf5 Re6 29. Qd1 Bxf2 30. Rxf2 Rxe1 31. Qxe1 Bxh5 32. Ne7+ Kd8 33. Nc6+ Kc8 34.
Qe5 1-0

[Event "Championnat de France 2006 - Accession"]
[Site "BESANCON"]
[Date "2006.08.18"]
[Round "4.23"]
[White "Vitoux, Colomban"]
[Black "Moussard, Jules"]
[Result "1/2-1/2"]
[WhiteElo "2300"]
[BlackElo "2178"]
[PlyCount "46"]
[EventDate "2006.??.??"]

1. e4 c5 2. Nf3 d6 3. d4 cxd4 4. Nxd4 Nf6 5. Nc3 a6 6. Bg5 e6 7. f4 Qb6 8. Qd2
Qxb2 9. Rb1 Qa3 10. f5 Nc6 11. fxe6 fxe6 12. Nxc6 bxc6 13. e5 dxe5 14. Bxf6
gxf6 15. Ne4 Qxa2 16. Rd1 Be7 17. Be2 O-O 18. O-O f5 19. Qh6 Qxc2 20. Rf3 f4
21. Rh3 Rf7 22. Rhd3 Qxe2 23. Rd8+ Rf8 1/2-1/2